| 000 | 01860nkc a2200301za 4500 | ||
|---|---|---|---|
| 001 | 84600 | ||
| 003 | OSt | ||
| 005 | 20260427104835.0 | ||
| 007 | kh boc | ||
| 008 | 250410s1909 sp ||||| ||||||0| i|spa d | ||
| 040 |
_aM-RABA _bspa _cM-RABA |
||
| 245 | 0 | 0 |
_aHoracios y Curiáceos _h[Material gráfico] _c/ Andrés Adán |
| 246 | _aLucha de Horacios y Curiáceos | ||
| 260 |
_b[Hauser y Menet] _c, [ca. 1909] |
||
| 300 |
_a1 fotografía _b: gelatina de plata _c; imagen 19 x 11,5 cm _c; soporte secundario 30 x 24 cm |
||
| 500 | _aFotografía del relieve "Lucha de Horacios y Curiáceos" de Andrés Adán. Se presento a los premios de la Academia en Escultura, en el año 1802, pero no fue premiada, pero si sirvió para posteriormente declararle académico supernumerario. Se conserva en el Museo de la Real Academia de Bellas Artes de San Fernando con nº de inventario E-305. | ||
| 500 | _aMontada sobre un soporte secundario de cartón, con texto manuscrito a lápiz en la parte inferior al recto: "Horacios y Curiáceos de Andrés Adán. Presentado a concurso y no premiado. Sirvió después para declararle académico supernumerario. 1802-1ª clase". Nota manuscrita al verso a lápiz rojo: "Andrés Adán". | ||
| 500 | _aFecha probable de la realización de la fotografía realizada por Hauser y Menet. | ||
| 544 | _aArchivo de la Real Academia de Bellas Artes de San Fernando (Le-4-29-1) | ||
| 600 | 1 | 0 |
_aAdán, Andrés _9111698 |
| 610 | 2 | 4 |
_aReal Academia de Bellas Artes de San Fernando. _975832 |
| 651 | 7 |
_aMadrid _2embne _975182 |
|
| 655 | 7 |
_aFotografías de obras de arte _975675 |
|
| 710 | 2 |
_aHauser y Menet (Madrid) _950978 |
|
| 852 | _jFot-620 | ||
| 856 |
_3Fot-620 _uhttps://archivoybiblioteca.realacademiabellasartessanfernando.com/cgi-bin/koha/opac-retrieve-file.pl?id=30428089c9448acc3fe551e9b19bc25a |
||
| 942 |
_2ddc _cFOTOGRAFÍA _n0 |
||
| 999 |
_c84600 _d84600 |
||